| 000 | 00430nam a2200169Ia 4500 | ||
|---|---|---|---|
| 008 | 230711s9999||||xx |||||||||||||| ||und|| | ||
| 041 | _aENG | ||
| 082 |
_a621.3 _bPR-D |
||
| 100 | _aProakis, John G | ||
| 245 | 0 | _aIntroduction to digital signal processing | |
| 250 | _a1st Ed. | ||
| 260 |
_c1989 _aNew York _bMacmillan USA |
||
| 300 | _a944 | ||
| 650 | _aElectronics Engineering | ||
| 700 | _aManolakis,Dimitris G | ||
| 942 | _cBK | ||
| 999 |
_c1765 _d1765 |
||